000 00556nam a22001817a 4500
005 20150124120411.0
008 101110t nyu||||| |||| 00| 0 eng d
020 _a0387406050
050 0 4 _aQA27.A67
_bB47 2003
100 1 _aBerggren, J. L.
245 1 0 _aEpisodes in the mathematics of medieval islam /
_cJ. L. Berggren.
250 _a1a ed.
260 _aNew York :
_bSpringer,
_c2003
300 _axiv, 197 p. :
_bil. ;
_c24 cm.
504 _aIncluye bibliografía e índice
650 7 _2Lemb
_aMatemáticas
_xHistoria
_zPaises Arabes
942 _2ddc
_cLIB
999 _c3808
_d3808